| 000 | 00562pam a2200193 a 4500 | ||
|---|---|---|---|
| 001 | 22560890 | ||
| 005 | 20240201023704.0 | ||
| 008 | 930325s1993 nju ob 001 0 eng | ||
| 020 | _a9780691201429 | ||
| 040 |
_aDLC _beng _epn _cDLC |
||
| 082 | 0 | 0 |
_a954.03 _220 |
| 100 | 1 | _aChatterjee, Partha, | |
| 245 | 1 | 4 |
_aThe nation and its fragments : _bcolonial and postcolonial histories / _cPartha Chatterjee. |
| 260 |
_aPrinceton, N.J. : _bPrinceton University Press, _c1993. |
||
| 300 | _a xiii, 282 p., | ||
| 650 | 0 | _aNationalism | |
| 650 | 0 | _aNationalism | |
| 942 | _cL | ||
| 999 |
_c257 _d257 |
||